• 首页
  • 本馆介绍
  • 公告通知
  • 最新文献
  • 馆藏检索
  • 电子资源
  • 读者导购
  • 参考咨询
  • 我的图书馆
  • 登录
  • 详细信息显示
  • 放入我的书架
  • 预约/预借图书
  • 作者相关作品
  • 分类相关作品
  • 丛书相关作品
  • 出版社相关作品

书目信息

  • 表格格式
  • 工作单格式
  • 卡片格式
题名:
《劝学篇》评注
    
 
作者: 张之洞 著 ;德平 评注
分册:  
出版信息: 北京   光明日报出版社  2021
页数: 20,185页
开本: 24cm
丛书名:
单 册:
中图分类: D092.52
科图分类:
主题词: 政治思想--zheng zhi si xiang--研究--中国--近代
电子资源:
ISBN: 978-7-5194-5950-5
000 01252nam0 2200265 450
001 2151107640
005 20211018173724.0
010    @a978-7-5194-5950-5@dCNY62.00
100    @a20210527d2021 em y0chiy0120 ea
101 0  @achi
102    @aCN@b110000
105    @ay z 000yy
106    @ar
200 1  @a《劝学篇》评注@Aquan xue pian ping zhu@f(清)张之洞著@g德平评注
210    @a北京@c光明日报出版社@d2021
215    @a20,185页@d24cm
314    @a德平,1980年生,河南人,博士,主要研究中国传统学术的源流、发展和近现代转型、流变。
330    @a《劝学篇》是一百多年前张之洞在“今日之世变乃前世所未有也”的时势下所写,具有启智、强国等功效和作用。张之洞提出了“中西兼学,中学为体,西学为用”,以知耻知惧的爱国之心和使命感,达到知变、知要、知本的学习效果。时代变迁,这些观点对现代仍具有一定的价值。历史是最好的教科书。对《劝学篇》重新进行评注,旨在为我国教育事业发展,中华优秀传统文化创造性发展、创新性转化提供历史参考,助力我们中华民族伟大的复兴。
605    @a《劝学篇》@Aquan xue pian@x研究
606 0  @a政治思想@Azheng zhi si xiang@x研究@y中国@z近代
690    @aD092.52@v5
701  0 @c(清)@a张之洞@Azhang zhi dong@f(1837-1909)@4著
702  0 @a德平@Ade ping@f(1980-)@4评注
801  0 @aCN@b百万庄@c20211016
905    @b1309940-43@dD092.52@e205@f4
    
    《劝学篇》评注/(清)张之洞著/德平评注.-北京:光明日报出版社,2021
    20,185页;24cm
    
    
    ISBN 978-7-5194-5950-5:CNY62.00
    《劝学篇》是一百多年前张之洞在“今日之世变乃前世所未有也”的时势下所写,具有启智、强国等功效和作用。张之洞提出了“中西兼学,中学为体,西学为用”,以知耻知惧的爱国之心和使命感,达到知变、知要、知本的学习效果。时代变迁,这些观点对现代仍具有一定的价值。历史是最好的教科书。对《劝学篇》重新进行评注,旨在为我国教育事业发展,中华优秀传统文化创造性发展、创新性转化提供历史参考,助力我们中华民族伟大的复兴。
●
相关链接 在E读中查询图书 在五车中查询图书 在当当中查询图书 在豆瓣中查询图书


正题名:《劝学篇》评注     索取号:D092.52/205         预约/预借

序号 登录号 条形码 馆藏地/架位号 状态 备注
1 1309940   213099403   第一样本阅览室/ [索取号:D092.52/205] 在馆    
2 1309941   213099412   第一借阅区/ [索取号:D092.52/205] 在馆    
3 1309942   213099421   第一借阅区/ [索取号:D092.52/205] 在馆    
4 1309943   213099430   第一借阅区/ [索取号:D092.52/205] 在馆    
唐山师范学院图书馆 欢迎您!
大连网信软件有限公司© 版权所有